000
00203 a2200097 4500
001
808
100
_a
Everitt,W.L
245
_a
Communication engineering
260
_a
_b
Mcgrawhill
_c
090
_c
400
_d
400
942
_a
NUST-CAE
_c
M
_c
30268
999
_c
235881
_d
235881